00394nam a2200145 4500001000700000003000900007005001700016007000300033008004100036100002700077245005100104260004500155300002700200852002100227144962ES-MaACL20230906201133.0t|070214s1912 xxk r ||||1| eng d1 aSmith, Logan Pearsall.14aThe English language / cLogan Pearsall Smith. aLondon : bWilliam and Norgate, c[1912] a256 p. ; c17 x 10 cm. aES-MaACLjC-3120